Statistics for Champions League Teams 2017/18

Click here to take the quiz!

General Stats

  • This quiz has been taken 10 times
  • The average score is 9 of 24

Answer Stats

GroupTeam% Correct
AManchester United
89%
FManchester City
89%
DJuventus
78%
CChelsea
78%
BBayern
67%
ELiverpool
67%
DBarcelona
67%
CAtletico Madrid
56%
FNapoli
44%
CRoma
44%
ESevilla
44%
BPSG
33%
BCeltic
22%
ESpartak Moscow
11%
FShakhtar
11%
ABenfica
11%
DOlympiakos
11%
BAnderlecht
11%
ACSKA Moscow
11%
FFeyenoord
11%
DSporting
0%
CQarabag
0%
EMaribor
0%
ABasel
0%

Score Distribution

Percentile by Number Answered

Percent of People with Each Score

Your Score History

You have not taken this quiz